Döntők előtt a Munka és műveltség vetélkedősorozat
Elmentve itt :
| Dokumentumtípus: | Cikk |
|---|---|
| Megjelent: |
1984-04-13
|
| Sorozat: | Délmagyarország
74 No. 87 |
| Kulcsszavak: | vetélkedők, ki mit tud-ok |
| Online Access: | http://dmarchiv.bibl.u-szeged.hu/115070 |
| LEADER | 00441nab a2200145 i 4500 | ||
|---|---|---|---|
| 001 | delm115070 | ||
| 005 | 20190905124042.0 | ||
| 008 | 190905s1984 hu o 0|| hun d | ||
| 040 | |a SZTE Délmagyarország Archívum |b hun | ||
| 041 | |a hun | ||
| 245 | 0 | 0 | |a Döntők előtt a Munka és műveltség vetélkedősorozat |h [elektronikus dokumentum] |
| 260 | |c 1984-04-13 | ||
| 300 | |a 7 | ||
| 490 | 0 | |a Délmagyarország |v 74 No. 87 | |
| 695 | |a vetélkedők, ki mit tud-ok | ||